Introduction to biomedical equipment technology / (Record no. 104)
[ view plain ]
| 000 -LEADER | |
|---|---|
| fixed length control field | 01039nac a22002531u 4500 |
| 010 ## - LIBRARY OF CONGRESS CONTROL NUMBER | |
| LC control number | 00038505 |
| 020 ## - INTERNATIONAL STANDARD BOOK NUMBER | |
| International Standard Book Number | 8178083272 |
| 035 ## - SYSTEM CONTROL NUMBER | |
| System control number | (DNLM)100941291 |
| 082 00 - DEWEY DECIMAL CLASSIFICATION NUMBER | |
| Classification number | 610/.28 |
| Item number | C3111 |
| 090 ## - LOCALLY ASSIGNED LC-TYPE CALL NUMBER (OCLC); LOCAL CALL NUMBER (OCLC) | |
| -- | 104 |
| -- | 104 |
| 100 ## - MAIN ENTRY--PERSONAL NAME | |
| Personal name | Carr, Joseph J. |
| 245 10 - TITLE STATEMENT | |
| Title | Introduction to biomedical equipment technology / |
| Statement of responsibility, etc | Joseph J. Carr, John M. Brown. |
| 250 ## - EDITION STATEMENT | |
| Edition statement | 4th ed. |
| 260 ## - PUBLICATION, DISTRIBUTION, ETC. (IMPRINT) | |
| Place of publication, distribution, etc | Upper Saddle River, N.J. : |
| Name of publisher, distributor, etc | Prentice Hall, |
| Date of publication, distribution, etc | c2001. |
| 300 ## - PHYSICAL DESCRIPTION | |
| Extent | xv, 743 p. : |
| Other physical details | ill. ; |
| Dimensions | 25 cm. |
| 650 #0 - SUBJECT ADDED ENTRY--TOPICAL TERM | |
| Topical term or geographic name as entry element | Medical instruments and apparatus. |
| 650 #0 - SUBJECT ADDED ENTRY--TOPICAL TERM | |
| Topical term or geographic name as entry element | Equipment and Supplies. |
| 650 #0 - SUBJECT ADDED ENTRY--TOPICAL TERM | |
| Topical term or geographic name as entry element | Biomedical Engineering |
| General subdivision | instrumentation. |
| 650 #0 - SUBJECT ADDED ENTRY--TOPICAL TERM | |
| Topical term or geographic name as entry element | Electronics, Medical |
| General subdivision | instrumentation. |
| 700 1# - ADDED ENTRY--PERSONAL NAME | |
| Personal name | Brown, John M. |
| Dates associated with a name | 1944- |
| 942 ## - ADDED ENTRY ELEMENTS (KOHA) | |
| Item type | Book - Borrowing |
| Call number prefix | 610.28C3111 |
| Withdrawn status | Item status | Damaged status | Not for loan | Home library | Current library | Shelving location | Date acquired | Source of acquisition | Total Checkouts | Total Renewals | Full call number | Barcode | Date last seen | Date last borrowed | Cost, replacement price | Koha item type |
|---|---|---|---|---|---|---|---|---|---|---|---|---|---|---|---|---|
| Central Library | Central Library | First floor | 21/12/2005 | Purchase | 1 | 2 | 610.28 CAR | 000004673 | 15/07/2025 | 28/02/2016 | 125.00 | Book - Borrowing | ||||
| Central Library | Central Library | First floor | 21/12/2005 | Purchase | 2 | 1 | 610.28 CAR | 000004672 | 15/07/2025 | 28/02/2016 | 135.00 | Book - Borrowing |